| 000 | 00369nam a2200145Ia 4500 | ||
|---|---|---|---|
| 005 | 20250324124712.0 | ||
| 008 | 240331s9999 xx 000 0 und d | ||
| 082 |
_bRAT _a894 |
||
| 100 | _aRatnavelon, A | ||
| 245 | 0 | _aPuthiya sagaththirap pularvin munn | |
| 260 |
_aColombo _bMeera Pathippagam _c1999 |
||
| 300 | _aviii, 102 p ., | ||
| 650 | _aShort Stories | ||
| 942 | _cL | ||
| 999 |
_c4141 _d4141 |
||